| 000 | 01512 a2200277 4500 | ||
|---|---|---|---|
| 003 | Nust | ||
| 005 | 20230118124051.0 | ||
| 010 | _a 2007270701 | ||
| 020 | _a0072262907 (pbk.) | ||
| 020 | _a9780072262902 (pbk.) | ||
| 035 | _a(OCoLC)63185777 | ||
| 035 | _a(OCoLC)ocm63185777 | ||
| 040 | _cNust | ||
| 082 | 0 | 4 | _a658.404,PHI |
| 100 | 1 |
_aPhillips, Joseph. _996898 |
|
| 245 | 1 | 0 |
_aPMP : _bproject management professional study guide / _cJoseph Phillips. |
| 250 | _a2nd ed. | ||
| 260 |
_aSan Francisco : _bMcGraw-Hill/Osborne, _c2006. |
||
| 300 |
_axxix, 591 p. : _bill. ; _c24 cm. + _e1 CD-ROM. |
||
| 505 | _aIntroducing project management (Page 3), Examing the project life cycle and organization (Page-39), Adapting the project mangement processes (Page-81), Implementing project integration management (Page-123), Managing the project scope (Page-173), Introducing project time management (Page-209), Introducing project cost management (Page-265), Introducing project quality management (Page-305), Introducing project HR management (Page-343), Introducing project communications management (Page-385). | ||
| 650 | 0 |
_aProject management _xExaminations _9106969 |
|
| 856 | 4 | 2 |
_3Contributor biographical information _uhttp://www.loc.gov/catdir/enhancements/fy0713/2007270701-b.html |
| 856 | 4 | 2 |
_3Publisher description _uhttp://www.loc.gov/catdir/enhancements/fy0713/2007270701-d.html |
| 856 | 4 | 2 |
_3Table of contents only _uhttp://www.loc.gov/catdir/enhancements/fy0713/2007270701-t.html |
| 942 |
_2ddc _cBK |
||
| 999 |
_c178817 _d178817 |
||